| 000 | 00462cam a2200157 4500500 | ||
|---|---|---|---|
| 005 | 20251012032530.0 | ||
| 041 | _afre | ||
| 042 | _adc | ||
| 100 | 1 | 0 |
_aAugusto Seabra, José _eauthor |
| 700 | 1 | 0 |
_a Sesé, Bernard _eauthor |
| 245 | 0 | 0 | _aO sol de Heráclito |
| 260 | _c2004. | ||
| 500 | _a45 | ||
| 786 | 0 | _nSigila | 14 | 2 | 2004-12-20 | p. 17-18 | 1286-1715 | |
| 856 | 4 | 1 | _uhttps://shs.cairn.info/revue-sigila-2004-2-page-17?lang=fr&redirect-ssocas=7080 |
| 999 |
_c1547573 _d1547573 |
||